Elements chimiques aléatoires par numéro atomique - Statistiques

Statistiques générales
  • Ce quiz a été pris 579 fois
  • Le résultat moyen est 13 sur 20
Statistiques - réponses
Numéro atomique Nom % Correct
7 Azote
100%
1 Hydrogène
97%
10 Néon
95%
27 Cobalt
94%
26 Fer
94%
3 Lithium
92%
2 Hélium
91%
15 Phosphore
91%
4 Béryllium
90%
5 Bore
90%
83 Bismuth
89%
8 Oxygène
88%
12 Magnésium
86%
14 Silicium
86%
24 Chrome
85%
6 Carbone
83%
16 Soufre
83%
19 Potassium
82%
21 Scandium
81%
11 Sodium
81%
17 Chlore
80%
36 Krypton
79%
103 Lawrencium
78%
28 Nickel
78%
18 Argon
77%
53 Iode
77%
13 Aluminium
76%
82 Plomb
76%
86 Radon
76%
38 Strontium
76%
51 Antimoine
75%
107 Bohrium
75%
9 Fluor
75%
118 Oganesson
74%
33 Arsenic
73%
31 Gallium
73%
44 Ruthénium
73%
30 Zinc
73%
20 Calcium
72%
29 Cuivre
71%
50 Étain
70%
73 Tantale
70%
74 Tungstène
70%
92 Uranium
70%
100 Fermium
68%
32 Germanium
68%
84 Polonium
68%
23 Vanadium
68%
54 Xénon
68%
93 Neptunium
67%
79 Or
67%
76 Osmium
67%
43 Technétium
67%
97 Berkélium
65%
88 Radium
65%
46 Palladium
64%
22 Titane
64%
47 Argent
63%
85 Astate
63%
99 Einsteinium
63%
77 Iridium
63%
75 Rhénium
63%
34 Sélénium
62%
70 Ytterbium
62%
72 Hafnium
61%
116 Livermorium
61%
91 Protactinium
61%
98 Californium
59%
55 Césium
59%
80 Mercure
59%
41 Niobium
59%
81 Thallium
58%
40 Zirconium
58%
87 Francium
57%
37 Rubidium
57%
49 Indium
56%
25 Manganèse
56%
42 Molybdène
56%
65 Terbium
56%
95 Américium
55%
63 Europium
55%
115 Moscovium
55%
45 Rhodium
55%
110 Darmstadtium
54%
39 Yttrium
54%
58 Cérium
53%
112 Copernicium
53%
67 Holmium
53%
78 Platine
53%
52 Tellure
53%
104 Rutherfordium
52%
90 Thorium
52%
89 Actinium
50%
35 Brome
50%
68 Erbium
50%
60 Néodyme
50%
56 Baryum
48%
57 Lanthane
48%
102 Nobélium
48%
117 Tennesse
47%
48 Cadmium
46%
101 Mendélévium
46%
114 Flérovium
44%
62 Samarium
44%
105 Dubnium
41%
61 Prométhium
40%
59 Praséodyme
39%
96 Curium
38%
108 Hassium
38%
94 Plutonium
38%
71 Lutécium
36%
111 Roentgenium
36%
69 Thulium
36%
66 Dysprosium
35%
64 Gadolinium
35%
113 Nihonium
32%
109 Meitnérium
30%
106 Seaborgium
29%
Aucun quiz correspondant
Distribution des résultats
% des personnes avec chaque résultat
Percentile par nombre de réponses
Votre historique - résultats
Vous n’avez pas pris ce quiz